Statystyki dla Władca pierścieni- postacie po zdjęciu #2

Kliknij tutaj aby rozwiązać quiz!

Ogólne statystyki

  • Ten quiz został rozwiązany 28 razy
    (11 od ostatniego zresetowania)
  • Średni wynik to 12 z 20

Statystyki odpowiedzi

Odpowiedź% Poprawnych
Bilbo
100%
Elrond
89%
Balrog
78%
Grima
78%
Isildur
78%
Arwena
67%
Celeborn
67%
Czarnoksiężnik z Angmaru
67%
Denethor
67%
Drzewiec
67%
Eomer
67%
Eowina
67%
Szeloba
67%
Deagol
56%
Uruk-hai
44%
Usta Saurona
44%
Elendil
33%
Gotmog
33%
Hama
33%
Gamling
11%

Rozkład punktacji

Percentyl według liczby udzielonych odpowiedzi

Procent ludzi z każdym wynikiem

Twoja historia wyników

Nie rozwiązałeś tego quizu od ostatniego zresetowania